|
|
|
|
| LEADER |
00000cam a22000004a 4500 |
| 001 |
musev2_15839 |
| 003 |
MdBmJHUP |
| 005 |
20230905041724.0 |
| 006 |
m o d |
| 007 |
cr||||||||nn|n |
| 008 |
110211s2011 nyu o 00 0 eng d |
| 010 |
|
|
|z 2011006365
|
| 020 |
|
|
|a 9781438439372
|
| 020 |
|
|
|z 9781438439358
|
| 020 |
|
|
|z 1438439350
|
| 020 |
|
|
|z 1438439377
|
| 035 |
|
|
|a (OCoLC)778448473
|
| 040 |
|
|
|a MdBmJHUP
|c MdBmJHUP
|
| 050 |
0 |
4 |
|a BP189
|b .C53 2011
|
| 082 |
0 |
|
|a 297.4/1
|2 22
|
| 100 |
1 |
|
|a Chittick, William C.
|
| 245 |
1 |
0 |
|a In Search of the Lost Heart :
|b Explorations in Islamic Thought /
|c William C. Chittick ; edited by Mohammed Rustom, Atif Khalil, and Kazuyo Murata.
|
| 264 |
|
1 |
|a Albany, N.Y. :
|b State University of New York Press,
|c 2011.
|
| 264 |
|
3 |
|a Baltimore, Md. :
|b Project MUSE,
|c 2013
|
| 264 |
|
4 |
|c ©2011.
|
| 300 |
|
|
|a 1 online resource (416 pages).
|
| 336 |
|
|
|a text
|b txt
|2 rdacontent
|
| 337 |
|
|
|a computer
|b c
|2 rdamedia
|
| 338 |
|
|
|a online resource
|b cr
|2 rdacarrier
|
| 504 |
|
|
|a Includes bibliographical references and index.
|
| 588 |
|
|
|a Description based on print version record.
|
| 650 |
|
0 |
|a Islam
|x Doctrines.
|
| 650 |
|
0 |
|a Mysticism
|x Islam.
|
| 650 |
|
0 |
|a Sufism.
|
| 655 |
|
7 |
|a Electronic books.
|2 local
|
| 700 |
1 |
|
|a Murata, Kazuyo.
|
| 700 |
1 |
|
|a Khalil, Atif.
|
| 700 |
1 |
|
|a Rustom, Mohammed.
|
| 710 |
2 |
|
|a Project Muse.
|e distributor
|
| 830 |
|
0 |
|a Book collections on Project MUSE.
|
| 856 |
4 |
0 |
|z Texto completo
|u https://projectmuse.uam.elogim.com/book/15839/
|
| 945 |
|
|
|a Project MUSE - Custom Collection
|
| 945 |
|
|
|a Project MUSE - 2011 Complete Supplement
|
| 945 |
|
|
|a Project MUSE - 2011 Philosophy and Religion Supplement
|